[Event "Sao Paulo Haroldo Salles op"]
[Site "Sao Paulo"]
[Date "2019.05.10"]
[Round "3.7"]
[White "Gabriel, Claudiomar"]
[Black "Hayashi, Kaito"]
[Result "1/2-1/2"]
[WhiteElo "1637"]
[BlackElo "1527"]
[PlyCount "86"]
[EventDate "2019.05.09"]
[EventType "swiss"]
[EventRounds "6"]
[EventCountry "BRA"]
[SourceTitle "EXT 2022"]
[Source "ChessBase"]
[SourceDate "2021.10.06"]
[SourceVersion "1"]
[SourceVersionDate "2021.10.06"]
[SourceQuality "1"]

1. d3 Nf6 2. Nd2 g6 3. Ngf3 Bg7 4. g3 0-0 5. Bg2 d6 6. 0-0 Nc6 7. Re1 Bg4 8. h3 Bd7 9. e4 e5 10. Nc4 Re8 11. Be3 Be6 12. Na3 Qd7 13. Ng5 Rad8 14. c4 Nb4 15. Nb5 a6 16. Nc3 c5 17. a3 Nc6 18. Rb1 Rb8 19. b3 b6 20. Qd2 Nh5 21. Nxe6 fxe6 22. g4 Nf4 23. Ne2 Nxe2+ 24. Rxe2 Nd4 25. Bxd4 exd4 26. f4 Rf8 27. Rf2 Rf7 28. Rbf1 Rbf8 29. f5 Kh8 30. fxg6 hxg6 31. Qg5 Rxf2 32. Rxf2 Rxf2 33. Qh4+ Kg8 34. Qxf2 Qf7 35. Qxf7+ Kxf7 36. Kf2 g5 37. Kf3 Kg6 38. Bf1 Be5 39. Be2 Bf6 40. Bd1 a5 41. Be2 Be5 42. Bf1 Kf6 43. Be2 Kf7 1/2-1/2

[Event "Sao Paulo Karman Cup"]
[Site "Sao Paulo"]
[Date "2018.08.11"]
[Round "4"]
[White "Gabriel, Claudiomar"]
[Black "Amaral, Danilo Tokechi"]
[Result "0-1"]
[WhiteElo "1588"]
[BlackElo "1282"]
[PlyCount "130"]
[EventDate "2018.08.10"]
[EventType "swiss"]
[EventRounds "6"]
[EventCountry "BRA"]
[SourceTitle "CBM 186 Extra"]
[Source "ChessBase"]
[SourceDate "2018.08.24"]
[SourceVersion "1"]
[SourceVersionDate "2018.08.24"]
[SourceQuality "1"]

1. e4 c5 2. d3 Nc6 3. Nd2 g6 4. g3 Bg7 5. Bg2 d6 6. Ngf3 Nf6 7. 0-0 0-0 8. c3 Rb8 9. h3 a6 10. Nh4 Nd7 11. f4 b5 12. Nhf3 b4 13. c4 Nb6 14. Rb1 Na8 15. b3 Nc7 16. Bb2 Ne6 17. Bxg7 Kxg7 18. Nh2 Ncd4 19. Ndf3 Qa5 20. Nxd4 Nxd4 21. Rb2 Bb7 22. Nf3 Qa3 23. Rbf2 Nc6 24. g4 a5 25. f5 Bc8 26. Nh4 Bd7 27. g5 f6 28. Qg4 Nd4 29. gxf6+ Rxf6 30. Qg3 a4 31. Rb1 axb3 32. axb3 Be8 33. Qe3 Bf7 34. Nf3 Nc6 35. Ng5 Nd4 36. Nxf7 Rxf7 37. Rfb2 gxf5 38. Qd2 Qa5 39. Qg5+ Kh8 40. Qh5 Rbf8 41. Rf2 Rf6 42. exf5 Qa3 43. Re1 Rxf5 44. Rxf5 Nxf5 45. Rf1 e6 46. Qd1 Rg8 47. Re1 Qb2 48. Re2 Qd4+ 49. Kh2 Qf4+ 50. Kg1 Ne3 51. Qd2 Rxg2+ 52. Rxg2 Qf1+ 53. Kh2 Qxg2+ 54. Qxg2 Nxg2 55. Kxg2 Kg7 56. Kf3 Kf6 57. Kg4 Ke5 58. Kg5 Kd4 59. Kf6 Kc3 60. Kxe6 Kxb3 61. Kxd6 Kc3 62. Kxc5 b3 63. Kd6 b2 64. c5 b1Q 65. c6 Qxd3+ 0-1

[Event "Sao Paulo ECP Etapa Sigismund Gansl"]
[Site "Sao Paulo"]
[Date "2018.05.19"]
[Round "3.3"]
[White "Gabriel, Claudiomar"]
[Black "Pritsopoulos, Constantino Demetri"]
[Result "0-1"]
[WhiteElo "1572"]
[BlackElo "1957"]
[PlyCount "96"]
[EventDate "2018.05.18"]
[EventType "swiss"]
[EventRounds "6"]
[EventCountry "BRA"]
[SourceTitle "EXT 2022"]
[Source "ChessBase"]
[SourceDate "2021.10.06"]
[SourceVersion "1"]
[SourceVersionDate "2021.10.06"]
[SourceQuality "1"]

1. e4 c5 2. d3 Nc6 3. Nd2 d5 4. Ngf3 Bg4 5. g3 Nf6 6. Bg2 e6 7. 0-0 Be7 8. Re1 0-0 9. c3 Qc7 10. Qc2 Rad8 11. Nf1 Rfe8 12. h3 Bh5 13. Bd2 c4 14. e5 cxd3 15. Qxd3 Ne4 16. Qe2 Nxe5 17. g4 Nxf3+ 18. Bxf3 Bg6 19. Bxe4 dxe4 20. Be3 f5 21. f4 Rd3 22. g5 Red8 23. Rad1 Be8 24. Rxd3 Rxd3 25. Rd1 Bb5 26. Rxd3 Bxd3 27. Qf2 b6 28. Nd2 Bd6 29. Kg2 g6 30. Kg3 e5 31. fxe5 Bxe5+ 32. Bf4 Kf7 33. Nb3 Bc4 34. Nd4 Bxf4+ 35. Qxf4 Qxf4+ 36. Kxf4 Bxa2 37. b4 a5 38. Nc2 a4 39. Na3 Ke6 40. Nb5 Bc4 41. Na3 Kd5 42. h4 Bd3 43. Ke3 Ke5 44. c4 f4+ 45. Kf2 Kd4 46. c5 bxc5 47. b5 e3+ 48. Ke1 f3 0-1

[Event "Sao Paulo op-C U1700 7th"]
[Site "Sao Paulo"]
[Date "2018.04.01"]
[Round "5"]
[White "Lopes da Silva, Matheus"]
[Black "Gabriel, Claudiomar"]
[Result "1-0"]
[WhiteElo "1619"]
[BlackElo "1571"]
[PlyCount "66"]
[EventDate "2018.03.30"]
[EventType "swiss"]
[EventRounds "6"]
[EventCountry "BRA"]
[SourceTitle "EXT 2021"]
[Source "ChessBase"]
[SourceDate "2020.10.23"]
[SourceVersion "1"]
[SourceVersionDate "2020.10.23"]
[SourceQuality "1"]

1. e4 g6 2. Nf3 Bg7 3. Nc3 d6 4. d4 Nd7 5. Bc4 e5 6. dxe5 dxe5 7. Ng5 Nh6 8. h3 0-0 9. 0-0 c6 10. Be3 Kh8 11. Qd2 Qe7 12. Rad1 Ng8 13. Qd6 Qe8 14. f4 h6 15. Nxf7+ Rxf7 16. Bxf7 Qxf7 17. fxe5 Qe7 18. Qxe7 Nxe7 19. Rf7 Bf8 20. Bxh6 Bxh6 21. Rxe7 Bg7 22. Rdxd7 Bxd7 23. Rxd7 Bxe5 24. Rxb7 Rf8 25. Ne2 Rb8 26. Rxb8+ Bxb8 27. Kf2 Kg7 28. Kf3 Kf7 29. g4 Ke6 30. b3 Ke5 31. Ke3 g5 32. Kd3 a5 33. Kc4 Kxe4 1-0

[Event "Sao Paulo op-C U1700 7th"]
[Site "Sao Paulo"]
[Date "2018.03.31"]
[Round "4"]
[White "Gabriel, Claudiomar"]
[Black "Kojima, Rodrigo Yosuke"]
[Result "1-0"]
[WhiteElo "1571"]
[BlackElo "1514"]
[PlyCount "125"]
[EventDate "2018.03.30"]
[EventType "swiss"]
[EventRounds "6"]
[EventCountry "BRA"]
[SourceTitle "EXT 2021"]
[Source "ChessBase"]
[SourceDate "2020.10.23"]
[SourceVersion "1"]
[SourceVersionDate "2020.10.23"]
[SourceQuality "1"]

1. d4 d5 2. Bf4 Nf6 3. e3 e6 4. Bd3 Bd6 5. Bg3 0-0 6. Nf3 b6 7. Be5 Ba6 8. 0-0 Bxd3 9. cxd3 Nc6 10. Nc3 Bxe5 11. Nxe5 Nxe5 12. dxe5 Nd7 13. d4 f6 14. f4 a6 15. Rf3 Qe7 16. Rh3 g6 17. Qe2 f5 18. g4 c6 19. Rf1 b5 20. Rc1 c5 21. Qd3 c4 22. Qe2 Nb6 23. gxf5 exf5 24. Rg3 Kh8 25. Qg2 Rg8 26. Nxd5 Nxd5 27. Qxd5 Qb4 28. Rg2 Rac8 29. a3 Qa5 30. e6 Rg7 31. Qe5 Qc7 32. Qxc7 Rcxc7 33. d5 Kg8 34. Rd1 Kf8 35. Rd4 Ke8 36. Kf2 c3 37. bxc3 Rxc3 38. a4 Rb7 39. axb5 axb5 40. Kf3 b4 41. Rb2 b3 42. Rdd2 Ke7 43. h4 Kd6 44. Ke2 Rbc7 45. Rb1 Rb7 46. Rbb2 Ra7 47. Rd3 Ra2 48. Rxc3 Rxb2+ 49. Kd3 Rb1 50. Rc6+ Ke7 51. Rc7+ Ke8 52. Kd4 b2 53. Ke5 Rd1 54. d6 Rc1 55. Rxh7 Kf8 56. e7+ Kg8 57. e8Q+ Kxh7 58. Qf7+ Kh6 59. Kf6 Kh5 60. Qxg6+ Kxh4 61. Qg5+ Kh3 62. Qxf5+ Kg3 63. d7 1-0

[Event "Hebraica op 25th"]
[Site "Hebraica"]
[Date "2018.01.14"]
[Round "5"]
[White "Lima, Vinicius Taishun"]
[Black "Gabriel, Claudiomar"]
[Result "0-1"]
[WhiteElo "1500"]
[BlackElo "1578"]
[PlyCount "112"]
[EventDate "2018.01.12"]
[EventType "swiss"]
[EventRounds "6"]
[EventCountry "BRA"]
[SourceTitle "CBM 182 Extra"]
[Source "ChessBase"]
[SourceDate "2018.02.23"]
[SourceVersion "1"]
[SourceVersionDate "2018.02.23"]
[SourceQuality "1"]

1. e4 Nf6 2. e5 Nd5 3. c4 Nb6 4. d4 d6 5. exd6 cxd6 6. Nf3 g6 7. Be2 Bg7 8. Nc3 Nc6 9. 0-0 Bg4 10. Be3 Bxf3 11. Bxf3 Nxc4 12. Qa4 Nxe3 13. Bxc6+ bxc6 14. Qxc6+ Kf8 15. fxe3 Bh6 16. Rf3 Rc8 17. Qd5 Qe8 18. Raf1 f6 19. g4 Kg7 20. Qe6 Qf7 21. Qxf7+ Kxf7 22. h4 g5 23. h5 Rc7 24. R1f2 Bg7 25. Rf5 h6 26. Rb5 e6 27. Kg2 Rd8 28. Ra5 Rdd7 29. Ra6 Rb7 30. a4 Rb3 31. Re2 Rdb7 32. Nb5 Bf8 33. Rxa7 R3xb5 34. Rxb7+ Rxb7 35. Rc2 d5 36. a5 Ra7 37. Kf3 Rxa5 38. Rc7+ Be7 39. b4 Rb5 40. Rc5 Bxc5 41. bxc5 Ke7 42. Kf2 Kd7 43. Kf3 e5 44. Kf2 Kc6 45. Kf3 Rb4 46. Kf2 exd4 47. exd4 Rxd4 48. Ke3 Rc4 49. Kf3 Re4 50. Kg3 d4 51. Kf3 d3 52. Kg2 d2 53. Kh2 Re3 54. Kg2 d1Q 55. Kf2 Qd2+ 56. Kf1 Re1# 0-1

[Event "Sao Paulo Karman Cup 13th"]
[Site "Sao Paulo"]
[Date "2017.11.25"]
[Round "3"]
[White "Amaral, Danilo Tokechi"]
[Black "Gabriel, Claudiomar"]
[Result "0-1"]
[WhiteElo "1210"]
[BlackElo "1612"]
[PlyCount "108"]
[EventDate "2017.11.24"]
[EventType "swiss"]
[EventRounds "6"]
[EventCountry "BRA"]
[SourceTitle "CBM 181 Extra"]
[Source "ChessBase"]
[SourceDate "2017.12.12"]
[SourceVersion "1"]
[SourceVersionDate "2017.12.12"]
[SourceQuality "1"]

1. e4 Nf6 2. e5 Nd5 3. d4 d6 4. Nf3 Nc6 5. c4 Nb6 6. h3 g6 7. exd6 exd6 8. d5 Ne7 9. Qd4 Rg8 10. Qh4 h6 11. Be2 Bf5 12. 0-0 Qd7 13. Nd4 0-0-0 14. Nxf5 Nxf5 15. Qf4 Bg7 16. Nc3 Rde8 17. c5 Bxc3 18. bxc3 Rxe2 19. cxb6 axb6 20. Rb1 Rxa2 21. Rxb6 Ra4 22. Rb4 Ra2 23. Be3 Re8 24. Rfb1 c6 25. dxc6 Qxc6 26. Rxb7 Qxb7 27. Rxb7 Kxb7 28. Qb4+ Ka8 29. Qb5 Ra1+ 30. Kh2 Re7 31. Qc6+ Kb8 32. Qb6+ Kc8 33. Qc6+ Rc7 34. Qe8+ Kb7 35. Qe4+ Rc6 36. g4 Nxe3 37. Qxe3 Ra3 38. Qe7+ Rc7 39. Qe4+ Ka6 40. Qa8+ Ra7 41. Qc8+ Kb5 42. Qb8+ Kc5 43. Qb4+ Kd5 44. Qd4+ Ke6 45. c4 R3a5 46. Qe3+ Kf6 47. Qxh6 Re5 48. h4 Ke7 49. h5 gxh5 50. g5 Raa5 51. Qf6+ Kf8 52. f4 Ra2+ 53. Kg3 Re3+ 54. Kh4 Rh2# 0-1

[Event "Sao Paulo Karman Cup 13th"]
[Site "Sao Paulo"]
[Date "2017.11.25"]
[Round "4"]
[White "Gabriel, Claudiomar"]
[Black "De Albuquelque, Gabriel Tenorio"]
[Result "1/2-1/2"]
[WhiteElo "1612"]
[BlackElo "1574"]
[PlyCount "113"]
[EventDate "2017.11.24"]
[EventType "swiss"]
[EventRounds "6"]
[EventCountry "BRA"]
[SourceTitle "CBM 181 Extra"]
[Source "ChessBase"]
[SourceDate "2017.12.12"]
[SourceVersion "1"]
[SourceVersionDate "2017.12.12"]
[SourceQuality "1"]

1. d4 d5 2. Bf4 Bf5 3. e3 e6 4. Nf3 Nf6 5. Nbd2 Bd6 6. Bg5 Nbd7 7. c4 c6 8. c5 Be7 9. Qb3 b6 10. cxb6 axb6 11. Be2 0-0 12. 0-0 c5 13. Bb5 c4 14. Qc3 Be4 15. Bxd7 Qxd7 16. Bxf6 Bxf6 17. Nxe4 dxe4 18. Nd2 Qd5 19. Qxc4 Rfc8 20. Qb3 h6 21. a3 Qxb3 22. Nxb3 Rc2 23. Rab1 Rac8 24. Rfc1 Be7 25. Rxc2 Rxc2 26. Kf1 b5 27. Na1 Rc7 28. Ke2 b4 29. axb4 Bxb4 30. Kd1 e5 31. Nb3 f6 32. Rc1 Rb7 33. Rc2 Kf7 34. Nc5 Bxc5 35. dxc5 Ke6 36. Rd2 Rb5 37. c6 Rc5 38. Rc2 Rxc2 39. Kxc2 Kd6 40. Kc3 Kxc6 41. Kc4 h5 42. f3 exf3 43. gxf3 g5 44. h3 f5 45. Kd3 Kc5 46. e4 g4 47. fxg4 fxg4 48. hxg4 hxg4 49. Ke3 Kc4 50. Kf2 Kd4 51. Kg3 Kxe4 52. Kxg4 Kd3 53. b4 e4 54. b5 e3 55. b6 e2 56. b7 e1Q 57. b8Q 1/2-1/2

[Event "Sao Paulo Karman Cup 13th"]
[Site "Sao Paulo"]
[Date "2017.11.24"]
[Round "2"]
[White "Gabriel, Claudiomar"]
[Black "Dias, Joao Batista de Sou"]
[Result "0-1"]
[WhiteElo "1612"]
[BlackElo "1782"]
[PlyCount "72"]
[EventDate "2017.11.24"]
[EventType "swiss"]
[EventRounds "6"]
[EventCountry "BRA"]
[SourceTitle "CBM 181 Extra"]
[Source "ChessBase"]
[SourceDate "2017.12.12"]
[SourceVersion "1"]
[SourceVersionDate "2017.12.12"]
[SourceQuality "1"]

1. g3 e5 2. Bg2 d5 3. d3 c6 4. Nd2 Bd6 5. Ngf3 Nf6 6. 0-0 0-0 7. Re1 Bg4 8. e4 Nbd7 9. h3 Be6 10. Ng5 Qc7 11. Nf1 h6 12. Nxe6 fxe6 13. Ne3 Bc5 14. Rf1 Rad8 15. Qe2 Rde8 16. Ng4 Nxg4 17. Qxg4 Rf6 18. Be3 Bxe3 19. fxe3 Qb6 20. Qe2 Rxf1+ 21. Rxf1 Qxb2 22. exd5 cxd5 23. Qh5 Rf8 24. Rxf8+ Nxf8 25. g4 Qxc2 26. e4 Qxd3 27. Qxe5 Qe3+ 28. Kh2 d4 29. Qg3 Qxg3+ 30. Kxg3 g5 31. Kf3 e5 32. Ke2 Kf7 33. Kd3 Ke6 34. Kc4 Kd6 35. Bf1 Ne6 36. a4 Nc5 0-1

[Event "Sao Paulo SP ECP op 3rd"]
[Site "Sao Paulo"]
[Date "2017.11.17"]
[Round "2.14"]
[White "Gabriel, Claudiomar"]
[Black "Dattoli, Micael Cimet"]
[Result "0-1"]
[WhiteElo "1612"]
[BlackElo "1418"]
[PlyCount "104"]
[EventDate "2017.11.17"]
[EventType "swiss"]
[EventRounds "6"]
[EventCountry "BRA"]
[SourceTitle "EXT 2022"]
[Source "ChessBase"]
[SourceDate "2021.10.06"]
[SourceVersion "1"]
[SourceVersionDate "2021.10.06"]
[SourceQuality "1"]

1. d4 d5 2. Bf4 e6 3. e3 c5 4. c3 Nc6 5. Nf3 Bd7 6. Be2 Qb6 7. Qc1 Rc8 8. 0-0 Nf6 9. Nbd2 h6 10. h3 g5 11. Bh2 g4 12. Ne5 gxh3 13. gxh3 cxd4 14. Nxc6 dxe3 15. Ne5 exd2 16. Qxd2 Bd6 17. Rac1 Bxe5 18. Bxe5 Rg8+ 19. Kh2 Ne4 20. Qc2 Bc6 21. Bf3 Ng5 22. Bg2 Bb5 23. Rg1 Rc4 24. f4 Ne4 25. Bxe4 Rxg1 26. Rxg1 Rxe4 27. Qb3 Re2+ 28. Rg2 Rxg2+ 29. Kxg2 Qa6 30. Kg3 Bf1 31. Qd1 Be2 32. Qd2 Bh5 33. a3 Qe2 34. Qxe2 Bxe2 35. Kf2 Bd1 36. Ke3 Ke7 37. Kd4 f6 38. Bb8 a6 39. Kc5 Ba4 40. Kb6 Bc6 41. b4 Kf7 42. Ka5 Kg6 43. a4 Kf5 44. b5 axb5 45. axb5 Be8 46. Kb4 e5 47. fxe5 fxe5 48. Kc5 Ke4 49. b6 d4 50. cxd4 exd4 51. Bg3 d3 52. Be1 Kf3 0-1

[Event "Sao Paulo Schutt op 14th"]
[Site "Sao Paulo"]
[Date "2017.09.17"]
[Round "5"]
[White "Gabriel, Claudiomar"]
[Black "Borger, Daniel"]
[Result "1-0"]
[WhiteElo "1586"]
[BlackElo "1656"]
[PlyCount "59"]
[EventDate "2017.09.15"]
[EventType "swiss"]
[EventRounds "6"]
[EventCountry "BRA"]
[SourceTitle "CBM 180 Extra"]
[Source "ChessBase"]
[SourceDate "2017.10.06"]
[SourceVersion "1"]
[SourceVersionDate "2017.10.06"]
[SourceQuality "1"]

1. d4 d5 2. Bf4 Bf5 3. e3 Nf6 4. Nf3 e6 5. Bd3 Ne4 6. Nbd2 Bd6 7. Bg3 Nd7 8. Qe2 Ndf6 9. Ne5 Rc8 10. Bh4 a6 11. g4 Bg6 12. Bg3 c5 13. h4 Nxg3 14. fxg3 Bxd3 15. cxd3 cxd4 16. exd4 Qb6 17. Ndf3 Bb4+ 18. Kf2 0-0 19. g5 Ne8 20. Nd7 Qa7 21. Nxf8 Kxf8 22. Rac1 Rxc1 23. Rxc1 Nd6 24. Qc2 Nb5 25. Qc8+ Ke7 26. a4 Bd2 27. Rc2 Bc3 28. bxc3 e5 29. axb5 exd4 30. Nxd4 1-0

[Event "Sao Paulo Schutt op 14th"]
[Site "Sao Paulo"]
[Date "2017.09.16"]
[Round "3"]
[White "Brujin, Homero"]
[Black "Gabriel, Claudiomar"]
[Result "0-1"]
[WhiteElo "1421"]
[BlackElo "1586"]
[PlyCount "140"]
[EventDate "2017.09.15"]
[EventType "swiss"]
[EventRounds "6"]
[EventCountry "BRA"]
[SourceTitle "CBM 180 Extra"]
[Source "ChessBase"]
[SourceDate "2017.10.06"]
[SourceVersion "1"]
[SourceVersionDate "2017.10.06"]
[SourceQuality "1"]

1. c4 g6 2. Nc3 Bg7 3. g3 d6 4. Bg2 Nd7 5. Nf3 Ngf6 6. 0-0 0-0 7. d4 e5 8. d5 a5 9. b3 Nc5 10. Bg5 Bd7 11. Nd2 Qc8 12. Rc1 Ne8 13. Be3 b6 14. Nb5 f5 15. f4 e4 16. Nd4 Nf6 17. Nc6 Bxc6 18. dxc6 Qe8 19. Nb1 Ng4 20. Qd5+ Qf7 21. Qxf7+ Rxf7 22. Bf2 Nxf2 23. Kxf2 Bd4+ 24. Ke1 Ne6 25. Nc3 Bxc3+ 26. Rxc3 Nd8 27. g4 Nxc6 28. gxf5 gxf5 29. Rg3+ Rg7 30. Rxg7+ Kxg7 31. Bh3 Kf6 32. Rg1 Ne7 33. Kd2 Rg8 34. Rxg8 Nxg8 35. e3 Ne7 36. Kc3 c5 37. a3 Nc6 38. Bf1 Ne7 39. Be2 Ke6 40. Bh5 d5 41. Be2 Ng6 42. Kd2 Nh4 43. cxd5+ Kxd5 44. Bc4+ Kd6 45. Be2 Kc6 46. Ke1 Kd5 47. Kf2 Ke6 48. Kg3 Ng6 49. h4 Ne7 50. Bc4+ Kf6 51. Kf2 Nc8 52. Kg3 Nd6 53. a4 h6 54. Kf2 Ke7 55. Kg3 Kd7 56. Kf2 Kc6 57. Ke2 b5 58. axb5+ Nxb5 59. Kd2 Nd6 60. Kc3 Kb6 61. Be2 c4 62. bxc4 Kc5 63. Kb3 a4+ 64. Kxa4 Nxc4 65. Kb3 Nxe3 66. Kc3 Ng2 67. Bf1 Nxf4 68. Kd2 Kd4 69. Ke1 Nd5 70. Bh3 f4 0-1

[Event "Sao Paulo Schutt op 14th"]
[Site "Sao Paulo"]
[Date "2017.09.16"]
[Round "4"]
[White "Gabriel, Claudiomar"]
[Black "Dias, Joao Batista de Sou"]
[Result "1/2-1/2"]
[WhiteElo "1586"]
[BlackElo "1766"]
[PlyCount "28"]
[EventDate "2017.09.15"]
[EventType "swiss"]
[EventRounds "6"]
[EventCountry "BRA"]
[SourceTitle "CBM 180 Extra"]
[Source "ChessBase"]
[SourceDate "2017.10.06"]
[SourceVersion "1"]
[SourceVersionDate "2017.10.06"]
[SourceQuality "1"]

1. d4 d5 2. Bf4 e6 3. e3 Nd7 4. Nf3 c5 5. c3 b6 6. Bd3 Ngf6 7. Qc2 Bb7 8. Nbd2 c4 9. Be2 b5 10. a3 a5 11. h3 b4 12. axb4 axb4 13. Rxa8 Qxa8 14. 0-0 Bc6 1/2-1/2

[Event "Aldeia de Barueri op"]
[Site "Aldeia de Barueri"]
[Date "2017.08.05"]
[Round "4"]
[White "Gabriel, Claudiomar"]
[Black "Queiroz, Stella Becker"]
[Result "0-1"]
[WhiteElo "1583"]
[BlackElo "1807"]
[PlyCount "48"]
[EventDate "2017.08.04"]
[EventType "swiss"]
[EventRounds "6"]
[EventCountry "BRA"]
[SourceTitle "CBM 180 Extra"]
[Source "ChessBase"]
[SourceDate "2017.10.06"]
[SourceVersion "1"]
[SourceVersionDate "2017.10.06"]
[SourceQuality "1"]

1. d4 Nf6 2. Bf4 d5 3. e3 c5 4. c3 Qb6 5. Qb3 c4 6. Qc2 Nc6 7. Nf3 Bf5 8. Qxf5 Qxb2 9. Be2 e6 10. Qg5 Qxa1 11. 0-0 Ne4 12. Nbd2 Nxg5 13. Rxa1 Nxf3+ 14. gxf3 Kd7 15. e4 Bd6 16. exd5 exd5 17. Bxd6 Kxd6 18. f4 b5 19. a3 a5 20. Kf1 b4 21. Bf3 bxc3 22. Nb1 Nxd4 23. Kg2 c2 24. Nc3 Nb3 0-1

[Event "Aldeia de Barueri op"]
[Site "Aldeia de Barueri"]
[Date "2017.08.04"]
[Round "2"]
[White "Gabriel, Claudiomar"]
[Black "De Souza, Diego Henrique Cout"]
[Result "1-0"]
[WhiteElo "1583"]
[BlackElo "1573"]
[PlyCount "133"]
[EventDate "2017.08.04"]
[EventType "swiss"]
[EventRounds "6"]
[EventCountry "BRA"]
[SourceTitle "CBM 180 Extra"]
[Source "ChessBase"]
[SourceDate "2017.10.06"]
[SourceVersion "1"]
[SourceVersionDate "2017.10.06"]
[SourceQuality "1"]

1. d4 d5 2. Bf4 Nf6 3. e3 e6 4. Bd3 Be7 5. Nf3 0-0 6. Nbd2 b6 7. c3 Bb7 8. h4 c5 9. Bg5 h6 10. Bf4 c4 11. Bc2 b5 12. g4 Nxg4 13. Rg1 h5 14. Rxg4 hxg4 15. Ng5 Bxg5 16. hxg5 Nc6 17. Qxg4 g6 18. Nf3 Kg7 19. Ne5 Ne7 20. Ke2 Rh8 21. Qf3 Nf5 22. Ng4 Rh4 23. Be5+ Kf8 24. Bf6 Qb6 25. Rh1 Ke8 26. Ne5 Qd6 27. Rh3 a5 28. Bxf5 Rxh3 29. Bxh3 Qf8 30. Qg3 b4 31. Nf3 Kd7 32. Ne5+ Ke8 33. e4 a4 34. cxb4 Qxb4 35. Qc3 Qxc3 36. bxc3 Rb8 37. Bg2 Ba8 38. exd5 exd5 39. Bh3 Rb2+ 40. Kd1 a3 41. Kc1 Rxa2 42. Kb1 Rxf2 43. Bd7+ Kf8 44. Bd8 Bb7 45. Ba5 a2+ 46. Ka1 Ke7 47. Bb4+ Kd8 48. Ba4 Bc8 49. Nc6+ Kc7 50. Ne5 Bf5 51. Nxf7 Bd7 52. Bxd7 Kxd7 53. Ne5+ Ke6 54. Nxg6 Kf5 55. Ne7+ Ke6 56. g6 Rg2 57. Ba3 Kd7 58. Nxd5 Rxg6 59. Kxa2 Rg2+ 60. Bb2 Rg6 61. Ka3 Kd6 62. Nb6 Kc6 63. Nxc4 Kb5 64. Ne5 Ra6+ 65. Kb3 Ra8 66. Kc2 Rb8 67. Kd3 1-0

[Event "Sao Paulo op-B U2050 6th"]
[Site "Sao Paulo"]
[Date "2017.04.15"]
[Round "4"]
[White "De Assis, Wendel Rodrigo"]
[Black "Gabriel, Claudiomar"]
[Result "1-0"]
[WhiteElo "1878"]
[BlackElo "1556"]
[PlyCount "113"]
[EventDate "2017.04.14"]
[EventType "swiss"]
[EventRounds "6"]
[EventCountry "BRA"]
[SourceTitle "EXT 2019"]
[Source "ChessBase"]
[SourceDate "2018.10.10"]
[SourceVersion "1"]
[SourceVersionDate "2018.10.10"]
[SourceQuality "1"]

1. e4 Nf6 2. e5 Nd5 3. Nc3 Nb6 4. d4 d6 5. Bf4 dxe5 6. dxe5 Qxd1+ 7. Rxd1 e6 8. Nf3 Bb4 9. Bd2 Bd7 10. a3 Be7 11. Be3 Bc6 12. Bxb6 axb6 13. Nb5 Na6 14. Bd3 0-0 15. 0-0 f6 16. Rfe1 Bxf3 17. gxf3 fxe5 18. Rxe5 Bf6 19. Rxe6 Bxb2 20. Bc4 Kh8 21. Re7 Bf6 22. Red7 Rad8 23. Rxd8 Rxd8 24. Rxd8+ Bxd8 25. Nd4 Nc5 26. Ne6 Nxe6 27. Bxe6 g5 28. Bc8 Kg7 29. Bxb7 Kf6 30. Kf1 Ke5 31. Ke2 Be7 32. a4 Kd4 33. h3 Bd6 34. f4 Bxf4 35. Kf3 Ke5 36. Kg4 Kd4 37. h4 h6 38. Kf5 Kc3 39. Be4 Kd2 40. h5 Ke2 41. f3 Ke3 42. Bc6 Kd2 43. c4 Kd3 44. Bd5 Kd4 45. Be6 Kc5 46. Kg6 Kb4 47. Bg4 Kxc4 48. Kxh6 Kd5 49. Kg6 c5 50. h6 c4 51. h7 Be5 52. Kxg5 c3 53. Bf5 Kc4 54. f4 Bd4 55. Bc2 Kb4 56. f5 Bh8 57. f6 1-0

[Event "Sao Paulo op-B U2050 6th"]
[Site "Sao Paulo"]
[Date "2017.04.14"]
[Round "2"]
[White "Gabriel, Claudiomar"]
[Black "Jorge, Denrick Cabral Jose"]
[Result "0-1"]
[WhiteElo "1556"]
[BlackElo "1898"]
[PlyCount "63"]
[EventDate "2017.04.14"]
[EventType "swiss"]
[EventRounds "6"]
[EventCountry "BRA"]
[SourceTitle "EXT 2019"]
[Source "ChessBase"]
[SourceDate "2018.10.10"]
[SourceVersion "1"]
[SourceVersionDate "2018.10.10"]
[SourceQuality "1"]

1. d4 Nf6 2. Bf4 d5 3. Nf3 Bf5 4. e3 e6 5. Be2 Bd6 6. Bg5 h6 7. Bh4 Nbd7 8. Nbd2 c6 9. c4 Qc7 10. c5 Be7 11. Bg3 Qd8 12. b4 0-0 13. Ne5 Ne4 14. Nxe4 Bxe4 15. f3 Bf5 16. Bd3 Bxd3 17. Qxd3 Nxe5 18. Bxe5 Bh4+ 19. Bg3 Bxg3+ 20. hxg3 Qg5 21. g4 f5 22. Rh5 Qg6 23. Kd2 Rf6 24. Rh4 Re8 25. b5 e5 26. bxc6 bxc6 27. Rb1 exd4 28. exd4 Qg5+ 29. Kc2 Qxh4 30. Rf1 fxg4 31. Qa6 gxf3 32. gxf3 0-1

[Event "Sao Paulo Hebraica op 24th"]
[Site "Sao Paulo"]
[Date "2017.01.15"]
[Round "6"]
[White "Giove, Matheus Faria"]
[Black "Gabriel, Claudiomar"]
[Result "0-1"]
[WhiteElo "1277"]
[BlackElo "1585"]
[PlyCount "114"]
[EventDate "2017.01.13"]
[EventType "swiss"]
[EventRounds "6"]
[EventCountry "BRA"]
[SourceTitle "CBM 176 Extra"]
[Source "ChessBase"]
[SourceDate "2017.03.02"]
[SourceVersion "1"]
[SourceVersionDate "2017.03.02"]
[SourceQuality "1"]

1. e4 Nf6 2. Nc3 d6 3. d4 g6 4. Bf4 Bg7 5. Nf3 0-0 6. Bc4 a6 7. 0-0 b5 8. Bb3 Nc6 9. a3 Bg4 10. Qd3 Bxf3 11. Qxf3 Nxd4 12. Qe3 Nxb3 13. cxb3 Re8 14. Rad1 e5 15. Bg5 Qd7 16. Nd5 Nxd5 17. exd5 f5 18. g3 Rf8 19. Qc1 Rf7 20. Qc6 Qc8 21. Qc1 Qf8 22. Bd2 f4 23. gxf4 exf4 24. f3 Be5 25. Bc3 Re8 26. Rf2 Qh6 27. Re1 Rfe7 28. Qc2 Qh3 29. b4 g5 30. Ref1 Rg7 31. Rg2 h5 32. Qf2 g4 33. Bxe5 dxe5 34. Kh1 Kh8 35. Kg1 Reg8 36. Kh1 g3 37. Qc2 gxh2 38. Rff2 Rxg2 39. Rxg2 Qxf3 40. Kxh2 Rxg2+ 41. Qxg2 Qxg2+ 42. Kxg2 Kg7 43. b3 Kf6 44. a4 e4 45. Kf2 Ke5 46. Ke2 Kxd5 47. Kd2 h4 48. Ke2 h3 49. Kf2 e3+ 50. Kf3 Kd4 51. Kxf4 e2 52. Kf5 e1Q 53. Kf6 Qe5+ 54. Kf7 Qd6 55. Ke8 Ke5 56. Kf7 Qf6+ 57. Ke8 Kd6 0-1

[Event "Sao Paulo Hebraica op 24th"]
[Site "Sao Paulo"]
[Date "2017.01.13"]
[Round "1"]
[White "Gabriel, Claudiomar"]
[Black "Mobaier, Sergio"]
[Result "0-1"]
[WhiteElo "1585"]
[BlackElo "2017"]
[PlyCount "90"]
[EventDate "2017.01.13"]
[EventType "swiss"]
[EventRounds "6"]
[EventCountry "BRA"]
[SourceTitle "CBM 176 Extra"]
[Source "ChessBase"]
[SourceDate "2017.03.02"]
[SourceVersion "1"]
[SourceVersionDate "2017.03.02"]
[SourceQuality "1"]

1. d4 d5 2. Nf3 c6 3. Bf4 Qb6 4. Qc1 Bf5 5. c3 Nf6 6. e3 e6 7. h3 h6 8. Be2 Be7 9. Nbd2 Nbd7 10. 0-0 c5 11. Ne5 0-0 12. Ndf3 Rac8 13. Bd3 Nxe5 14. Nxe5 Bxd3 15. Nxd3 cxd4 16. exd4 Ne4 17. Ne5 Rfd8 18. Rb1 Qa6 19. f3 Nd6 20. g4 Nc4 21. Rf2 Nxe5 22. Bxe5 b5 23. a3 Qb6 24. Qe3 a5 25. b4 Rc4 26. Rd1 Rdc8 27. Rd3 axb4 28. cxb4 Bh4 29. Rfd2 Qc6 30. Kg2 Rc1 31. Bg3 Bf6 32. f4 Ra1 33. Rb2 Qb6 34. Rbb3 Rc4 35. Bf2 Ra2 36. Kf3 Rac2 37. h4 Qc7 38. g5 hxg5 39. hxg5 Be7 40. Be1 Rh2 41. Bg3 Rhc2 42. g6 Bd6 43. Rb1 Qe7 44. gxf7+ Qxf7 45. Re1 Qh5# 0-1